000 01241nam a22002891u 4500
001 05648
003 HDC
007 cr bn ---aaaaa
008 210120p2015 | d 00 engg
040 _aHDC
100 _aMuhammad Bilal Majid
_eauthor
_95927
245 0 _aConsumer Purchase Intention towards Halal Cosmetics & Personal Care Products in Pakistan / by
_cMuhammad Bilal Majid, Dr Irfan Sabir, Tooba Ashraf
260 _a[no place] :
_b[publisher not identified],
_c2015
300 _a 1 online resource (9 pages)
336 _atext
_2rdacontent
337 _acomputer
_2rdamedia
338 _aonline resource
_2rdacarrier
650 _aCosmetics
_xReligious aspects
_xIslam
_9705
650 _aHalal product certification
_95929
650 _aIslam
_xCustoms and practices
_9691
650 _aReligious belief
_95928
856 _zRequest full-text at [email protected]
856 _zRequest full-text at [email protected]
942 _2lcc
942 _cAR
942 _kJART 001446
999 _c2972
_d2972